000 01353cam a22003011i 4500
003 SA-RiAUC
005 20251002060648.0
008 251001s2002 su g 00000 ara c
040 _aSA-JeALM
_bara
_cSA-RiAUC
_erda
050 4 _b.S8548 2002
082 0 4 _a221.25
_qSA-RiAUC
090 _a221.25
_bب ا ز
100 1 _aبازمول، محمد عمر سالم،
_d1382 هجري-
_eمؤلف.
245 1 0 _aعلم المناسبات في السور والآيات /
_cمحمد بن عمر بن سالم بازمول. ويليه مراصد المطالع في تناسب المقاطع والمطالع / للسيوطي.
250 _aالطبعة الأولى.
264 1 _aمكة المكرمة :
_bالمكتبة المكية،
_c2002
300 _a208 صفحة ؛
_c24 سم
336 _aنص
_btxt
_2rdacontent
_3كتاب
337 _aبدون وسيط
_bn
_2rdamedia
338 _aمجلد
_bnc
_2rdacarrier
630 2 7 _aالقرآن
_xأسباب النزول
_2aucut
630 2 7 _aالقرآن
_xسور وآيات
_2aucut
700 1 2 _aالجلال السيوطي، عبد الرحمن بن أبي بكر بن محمد،
_d849-911 هجري
730 2 2 _aالقرآن
740 0 2 _aمراصد المطالع في تناسب المقاطع والمطالع.
942 _2ddc
_cBOOK
_n0
949 _aSA-JeALM
_d251001
_uosman123
_n1
999 _c12308
_d12308